[Event "España tch Primera División - A 2013"]
[Site "Linares ESP"]
[Date "2013.08.19"]
[Round "1.11"]
[White "Sadusea, Johnny"]
[Black "Miton, Kamil"]
[Result "0-1"]
[WhiteElo "2110"]
[BlackElo "2609"]
[PlyCount "88"]
[EventDate "2013.08.19"]
[EventType "team-tourn"]
[EventRounds "5"]
[EventCountry "ESP"]
[Source "lmi"]
[SourceDate "2013.08.19"]

1. e4 c5 2. Nf3 Nc6 3. d4 cxd4 4. Nxd4 Nf6 5. Nc3 d6 6. f3 e5 7. Ndb5 a6 8. Na3
b5 9. Nd5 Nxd5 10. exd5 Nd4 11. Be3 Nf5 12. Bf2 g6 13. c3 Bh6 14. Nc2 O-O 15.
Bd3 Rb8 16. O-O a5 17. b3 Qc7 18. c4 bxc4 19. Bxc4 Bd7 20. a4 Qd8 21. Qd3 Qg5
22. Qe2 Rfe8 23. Rad1 Bg7 24. Kh1 h5 25. Qd2 Qd8 26. Rfe1 h4 27. Na3 h3 28. g3
Qf6 29. Qd3 Nd4 30. Bxd4 exd4 31. Nb5 Bf5 32. Qf1 Bc2 33. Rxe8+ Rxe8 34. Rd2
Bxb3 35. Bxb3 Qxf3+ 36. Kg1 Qxb3 37. Nxd6 Re7 38. Nc4 Rc7 39. d6 Rxc4 40. d7
Bf6 41. Re2 Bg5 42. d8=Q+ Bxd8 43. Re8+ Kg7 44. Rxd8 Qe3+ 0-1

[Event "España tch Primera División - A 2013"]
[Site "Linares ESP"]
[Date "2013.08.19"]
[Round "1.12"]
[White "Dziuba, Marcin"]
[Black "Dura Olmos, Gines Raul"]
[Result "1-0"]
[WhiteElo "2589"]
[BlackElo "2042"]
[PlyCount "63"]
[EventDate "2013.08.19"]
[EventType "team-tourn"]
[EventRounds "5"]
[EventCountry "ESP"]
[Source "lmi"]
[SourceDate "2013.08.19"]

1. c4 g6 2. d4 Bg7 3. e4 d6 4. Nc3 Nf6 5. h3 O-O 6. Bg5 c5 7. d5 h6 8. Be3 b5
9. cxb5 a6 10. a4 Qa5 11. Bd2 Qc7 12. Bd3 Nbd7 13. Nf3 c4 14. Bc2 Nc5 15. O-O
Bd7 16. Qe2 axb5 17. axb5 Nb3 18. Bxb3 cxb3 19. Nd4 e6 20. Nc6 exd5 21. exd5
Rfe8 22. Qc4 Bxc6 23. dxc6 d5 24. Qxb3 d4 25. Rxa8 Rxa8 26. Nd5 Nxd5 27. Qxd5
Rd8 28. Qc5 Bf8 29. b6 Bxc5 30. bxc7 Rc8 31. Ba5 Bd6 32. b4 1-0

[Event "España tch Primera División - A 2013"]
[Site "Linares ESP"]
[Date "2013.08.19"]
[Round "1.13"]
[White "Cucarella Montell, Angels"]
[Black "Gonzalez Diaz, Diego"]
[Result "0-1"]
[WhiteElo "1996"]
[BlackElo "2309"]
[PlyCount "161"]
[EventDate "2013.08.19"]
[EventType "team-tourn"]
[EventRounds "5"]
[EventCountry "ESP"]
[Source "lmi"]
[SourceDate "2013.08.19"]

1. e4 d6 2. d4 g6 3. Ne2 Bg7 4. g3 h5 5. h3 Bd7 6. Bg2 Qc8 7. Nbc3 c6 8. a4 a5
9. Be3 Na6 10. Qd2 Nb4 11. Rd1 Be6 12. b3 Nf6 13. Nf4 Bd7 14. e5 dxe5 15. dxe5
Nfd5 16. Ncxd5 cxd5 17. c3 Bxe5 18. Rc1 Nc6 19. Nxd5 Be6 20. Nb6 Qd8 21. Nxa8
Qxa8 22. Bf4 Qb8 23. Bxe5 Qxe5+ 24. Qe2 Qc5 25. Qb5 Qxb5 26. axb5 Ne5 27. Bxb7
Nd3+ 28. Kd2 Nxc1 29. Rxc1 Kd7 30. c4 Kc7 31. Bg2 Kb6 32. h4 Rd8+ 33. Ke2 Kc5
34. Rd1 Rf8 35. Bd5 Bf5 36. Rc1 Rd8 37. Rc3 Kb4 38. Re3 e6 39. Bf3 Bc2 40. c5
Bd1+ 41. Ke1 Bxf3 42. Rxf3 Kxc5 43. Rxf7 Rd6 44. Rg7 Kb4 45. Ra7 Rb6 46. Kd2
Rxb5 47. Kc2 Rc5+ 48. Kb2 Rf5 49. Rb7+ Kc5 50. Rg7 Rxf2+ 51. Ka3 Rf6 52. Ka4 e5
53. Kxa5 e4 54. b4+ Kc4 55. Re7 Rf5+ 56. Ka6 Kd3 57. b5 e3 58. b6 Rf6 59. Ka7
e2 60. b7 Rf8 61. b8=Q Rxb8 62. Kxb8 Kd2 63. Rd7+ Ke3 64. Re7+ Kf2 65. Rf7+
Kxg3 66. Re7 Kxh4 67. Rxe2 Kg3 68. Kc7 g5 69. Kd6 Kf4 70. Ra2 g4 71. Ra4+ Kf3
72. Ke5 g3 73. Ra3+ Kg4 74. Ke4 g2 75. Ra8 Kg3 76. Rg8+ Kf2 77. Rxg2+ Kxg2 78.
Kf4 h4 79. Ke4 Kf2 80. Kd5 Kg2 81. Kd4 0-1

[Event "España tch Primera División - A 2013"]
[Site "Linares ESP"]
[Date "2013.08.19"]
[Round "1.14"]
[White "Gonzalez Diaz, Julio"]
[Black "Valdezate Suarez, Fernando"]
[Result "1-0"]
[WhiteElo "2284"]
[BlackElo "1988"]
[PlyCount "95"]
[EventDate "2013.08.19"]
[EventType "team-tourn"]
[EventRounds "5"]
[EventCountry "ESP"]
[Source "lmi"]
[SourceDate "2013.08.19"]

1. c4 Nf6 2. g3 g6 3. Bg2 Bg7 4. Nc3 O-O 5. Nf3 c5 6. O-O Nc6 7. d4 cxd4 8.
Nxd4 a6 9. Nc2 d6 10. b3 e6 11. Ba3 Ne8 12. Qd2 f5 13. Rad1 Rf7 14. Rfe1 Bd7
15. Qe3 Qc7 16. Na4 Rd8 17. Nb6 Ne5 18. Nxd7 Qxd7 19. Qb6 Nc6 20. Rd3 Bf8 21.
Red1 Qc8 22. Nb4 Nxb4 23. Bxb4 Rfd7 24. Qe3 Ng7 25. Ba5 Re8 26. Qd2 Qb8 27. Bb6
Be7 28. Rc1 Bd8 29. Bd4 Bc7 30. a4 d5 31. Bxg7 Kxg7 32. cxd5 exd5 33. Rxd5 Rde7
34. Rd7 Be5 35. Qd5 b6 36. e3 Bf6 37. h4 Qe5 38. Rxe7+ Rxe7 39. Qd3 a5 40. Rc6
Re6 41. Qd7+ Re7 42. Qd6 Qa1+ 43. Bf1 Rb7 44. Qd5 Qe5 45. Qc4 Qb8 46. Bg2 Qd8
47. Rxf6 Rc7 48. Rc6 1-0

[Event "España tch Primera División - A 2013"]
[Site "Linares ESP"]
[Date "2013.08.19"]
[Round "1.21"]
[White "Barrero Garcia, Carlos"]
[Black "Korneev, Oleg"]
[Result "0-1"]
[WhiteElo "2371"]
[BlackElo "2625"]
[PlyCount "120"]
[EventDate "2013.08.19"]
[EventType "team-tourn"]
[EventRounds "5"]
[EventCountry "ESP"]
[Source "lmi"]
[SourceDate "2013.08.19"]

1. d4 d5 2. c4 c6 3. cxd5 cxd5 4. Nc3 Nf6 5. Bf4 Nc6 6. e3 a6 7. Bd3 Bg4 8. f3
Bh5 9. Qb3 Ra7 10. g4 Bg6 11. Bxg6 hxg6 12. g5 Nh5 13. Nxd5 e6 14. Nc7+ Kd7 15.
d5 Nxf4 16. dxc6+ Kxc7 17. exf4 Qd4 18. Ne2 Qb4+ 19. Qxb4 Bxb4+ 20. Kf2 Kxc6
21. Rac1+ Kb6 22. Rc4 Bd6 23. Rd1 Rd8 24. Nc3 Raa8 25. Ke2 Be7 26. Na4+ Ka7 27.
Rc7 Rxd1 28. Kxd1 Re8 29. Kc2 Kb8 30. Rd7 Rc8+ 31. Kb3 Rc7 32. Nb6 f6 33. gxf6
gxf6 34. Rd1 Rc6 35. Nc4 b5 36. Na5 Rd6 37. Rc1 Bd8 38. Nc6+ Kb7 39. Nxd8+ Rxd8
40. Rg1 Rd3+ 41. Kc2 Rxf3 42. Rxg6 Rxf4 43. h4 Kc6 44. h5 Kd5 45. h6 f5 46. h7
Rh4 47. Rg7 Ke4 48. Kd2 f4 49. Ke2 Rh2+ 50. Kf1 Kf3 51. Kg1 Rh6 52. Re7 e5 53.
Rxe5 Rxh7 54. Re6 Rg7+ 55. Kf1 Rc7 56. Ke1 Rc2 57. Rxa6 Rxb2 58. Ra8 Rb1+ 59.
Kd2 Kf2 60. Rb8 Rb2+ 0-1

[Event "España tch Primera División - A 2013"]
[Site "Linares ESP"]
[Date "2013.08.19"]
[Round "1.23"]
[White "Gallardo Fernandez, Cesar"]
[Black "Mirzoev, Azer"]
[Result "0-1"]
[WhiteElo "2240"]
[BlackElo "2539"]
[PlyCount "126"]
[EventDate "2013.08.19"]
[EventType "team-tourn"]
[EventRounds "5"]
[EventCountry "ESP"]
[Source "lmi"]
[SourceDate "2013.08.19"]

1. e4 e5 2. Nf3 Nc6 3. d4 exd4 4. Nxd4 Bc5 5. Be3 Bb6 6. Nc3 d6 7. g3 Nge7 8.
Bg2 O-O 9. O-O Bd7 10. Kh1 Qc8 11. f4 f5 12. exf5 Nxf5 13. Nxf5 Bxf5 14. Bxb6
axb6 15. Nb5 Qd7 16. c3 Kh8 17. Re1 h6 18. Qd2 Rfe8 19. Rxe8+ Rxe8 20. Re1
Rxe1+ 21. Qxe1 Bd3 22. a4 Bh7 23. Kg1 Bg8 24. Qe3 Na5 25. Qe4 c6 26. Nd4 Nc4
27. b3 Na5 28. b4 Nc4 29. f5 d5 30. Qe2 Bf7 31. Bh3 Qd8 32. Ne6 Qf6 33. Nd4 Kg8
34. Bg2 Nd6 35. g4 Nc4 36. Qe1 Qd6 37. Qg3 Qxg3 38. hxg3 Ne5 39. a5 bxa5 40.
bxa5 Kf8 41. Nb3 Nd7 42. Kf2 Ke7 43. Bf1 Kd6 44. a6 bxa6 45. Bxa6 c5 46. Nd2
Nf6 47. Be2 Be8 48. Ke3 Nh7 49. Nf3 Ng5 50. Nxg5 hxg5 51. Bf1 Ke5 52. Ba6 Ba4
53. Ke2 Bb3 54. Bd3 d4 55. c4 Ba4 56. Bb1 Bc6 57. Ba2 Be4 58. Bb3 Kd6 59. Ba4
Kc7 60. Bb5 Kb6 61. Ba4 Ka5 62. Bd7 Kb4 63. Bb5 Kc3 0-1

[Event "España tch Primera División - A 2013"]
[Site "Linares ESP"]
[Date "2013.08.19"]
[Round "1.24"]
[White "Llanes Hurtado, Miguel"]
[Black "Melero Fidalgo, Juan De Dios"]
[Result "1-0"]
[WhiteElo "2470"]
[BlackElo "2230"]
[PlyCount "73"]
[EventDate "2013.08.19"]
[EventType "team-tourn"]
[EventRounds "5"]
[EventCountry "ESP"]
[Source "lmi"]
[SourceDate "2013.08.19"]

1. Nf3 Nf6 2. c4 e6 3. g3 b6 4. Bg2 Bb7 5. O-O c5 6. Nc3 Be7 7. d4 cxd4 8. Qxd4
O-O 9. b3 d6 10. Rd1 Nc6 11. Qf4 Qb8 12. Bb2 Rd8 13. Ng5 Ne5 14. Nge4 Ng6 15.
Qe3 Nxe4 16. Nxe4 d5 17. cxd5 Bxd5 18. h4 h6 19. h5 Nf8 20. Rac1 Qb7 21. Qf4
Bg5 22. Nxg5 Bxg2 23. Qxf7+ Qxf7 24. Nxf7 Rxd1+ 25. Rxd1 Kxf7 26. Kxg2 Rc8 27.
Rc1 Rxc1 28. Bxc1 e5 29. e4 Nd7 30. f3 Nf6 31. g4 Ke6 32. Kg3 b5 33. Kh4 Nh7
34. g5 hxg5+ 35. Bxg5 Nf8 36. Be3 a6 37. Kg5 1-0

[Event "España tch Primera División - A 2013"]
[Site "Linares ESP"]
[Date "2013.08.19"]
[Round "1.31"]
[White "Moreno Trujillo, Alejandro"]
[Black "Narciso Dublan, Marc"]
[Result "1/2-1/2"]
[WhiteElo "2533"]
[BlackElo "2505"]
[PlyCount "89"]
[EventDate "2013.08.19"]
[EventType "team-tourn"]
[EventRounds "5"]
[EventCountry "ESP"]
[Source "lmi"]
[SourceDate "2013.08.19"]

1. d4 f5 2. g3 Nf6 3. Bg2 e6 4. Nf3 d5 5. c4 Bd6 6. Qc2 O-O 7. b3 c6 8. Bf4
Bxf4 9. gxf4 b6 10. Nbd2 Bb7 11. e3 Na6 12. O-O c5 13. dxc5 Nxc5 14. Nd4 Qe7
15. b4 Nce4 16. Nxe4 Nxe4 17. f3 Nf6 18. c5 Ba6 19. Rfe1 Bc4 20. Bf1 Bxf1 21.
Rxf1 Rfc8 22. Rfc1 a5 23. Qg2 axb4 24. cxb6 Rc4 25. Qd2 Qd6 26. Rab1 Qxb6 27.
Rxc4 dxc4 28. Qxb4 Qxb4 29. Rxb4 c3 30. Rc4 Nd5 31. a4 Nxe3 32. Rxc3 Nd5 33.
Ra3 Kf7 34. a5 Ra6 35. Nb3 Ke7 36. Nc5 Ra7 37. Nd3 Kd6 38. Kf2 Kc6 39. Kg3 Kb5
40. a6 Nc7 41. Rb3+ Kxa6 42. Nc5+ Ka5 43. Nb7+ Ka4 44. Nc5+ Ka5 45. Nb7+
1/2-1/2

[Event "España tch Primera División - A 2013"]
[Site "Linares ESP"]
[Date "2013.08.19"]
[Round "1.32"]
[White "Alonso Moyano, Jonathan"]
[Black "Huerga Leache, Mikel"]
[Result "1/2-1/2"]
[WhiteElo "2420"]
[BlackElo "2433"]
[PlyCount "60"]
[EventDate "2013.08.19"]
[EventType "team-tourn"]
[EventRounds "5"]
[EventCountry "ESP"]
[Source "lmi"]
[SourceDate "2013.08.19"]

1. e4 c5 2. Nc3 a6 3. Nge2 b5 4. d4 e6 5. g3 cxd4 6. Nxd4 Qb6 7. Bg2 Bc5 8. Be3
Nc6 9. Nce2 Ne5 10. f4 Nc4 11. Qc1 Nf6 12. e5 Ng4 13. Bxa8 Ngxe3 14. c3 Bb7 15.
Bxb7 Qxb7 16. Rg1 Bxd4 17. Nxd4 Qe4 18. b3 Nc2+ 19. Kf2 N4e3 20. h3 b4 21. Qd2
bxc3 22. Qxc3 Nxd4 23. Qxe3 Qc2+ 24. Kf1 Nf5 25. Qc1 Qd3+ 26. Kf2 O-O 27. g4
Qd4+ 28. Kf3 Qd5+ 29. Kf2 Qd4+ 30. Kf3 Qd3+ 1/2-1/2

[Event "España tch Primera División - A 2013"]
[Site "Linares ESP"]
[Date "2013.08.19"]
[Round "1.33"]
[White "Taboas Rodriguez, Daniel"]
[Black "Willemze, Thomas"]
[Result "0-1"]
[WhiteElo "2412"]
[BlackElo "2415"]
[PlyCount "152"]
[EventDate "2013.08.19"]
[EventType "team-tourn"]
[EventRounds "5"]
[EventCountry "ESP"]
[Source "lmi"]
[SourceDate "2013.08.19"]

1. d4 Nf6 2. c4 c5 3. d5 b5 4. cxb5 a6 5. b6 g6 6. Nc3 d6 7. Qb3 Bb7 8. e4 Nbd7
9. a4 Qxb6 10. Qxb6 Nxb6 11. Ra3 Nbd7 12. Rb3 Ra7 13. Nf3 Bg7 14. h3 O-O 15.
Bc4 Ne8 16. O-O Nc7 17. Re1 Rb8 18. Bf4 f6 19. a5 Raa8 20. Na4 Bc8 21. Rxb8
Rxb8 22. b3 Nb5 23. Bc1 Kf7 24. Bb2 Bh6 25. Re2 Bf4 26. h4 h5 27. g3 Bh6 28.
Kg2 Bb7 29. Ne1 Nc7 30. Nd3 Bc8 31. f4 Bb7 32. Kh2 Kf8 33. Nc3 Bg7 34. f5 gxf5
35. exf5 Bh6 36. Nf4 Ne5 37. Nxh5 Bc8 38. Na4 Nxc4 39. bxc4 Bxf5 40. Nb6 Kf7
41. Rf2 Kg6 42. Nxf6 Be3 43. Re2 Bd4 44. Bxd4 cxd4 45. Ne4 d3 46. Re3 Na8 47.
Nf2 Nxb6 48. axb6 d2 49. Re2 Bd3 50. Rxd2 Bxc4 51. Rd4 Bb3 52. Nd3 Rxb6 53. g4
a5 54. h5+ Kf6 55. Kg3 Bc2 56. Ne1 Bb3 57. Nf3 a4 58. g5+ Kg7 59. Nd2 a3 60.
Nxb3 Rxb3+ 61. Kf4 a2 62. Ra4 Rb4+ 63. Rxb4 a1=Q 64. Re4 Qf1+ 65. Kg4 Qd1+ 66.
Kf4 Qd2+ 67. Kg4 Qxd5 68. Rxe7+ Kf8 69. Re3 Qd4+ 70. Kf3 Qd1+ 71. Re2 d5 72. h6
Kf7 73. Kf2 Qd4+ 74. Kf3 Kg6 75. Rh2 Qe5 76. Kg2 Qxg5+ 0-1

[Event "España tch Primera División - A 2013"]
[Site "Linares ESP"]
[Date "2013.08.19"]
[Round "1.34"]
[White "Geske, Julian"]
[Black "Blasco De La Cruz, Luis"]
[Result "1-0"]
[WhiteElo "2395"]
[BlackElo "2023"]
[PlyCount "91"]
[EventDate "2013.08.19"]
[EventType "team-tourn"]
[EventRounds "5"]
[EventCountry "ESP"]
[Source "lmi"]
[SourceDate "2013.08.19"]

1. e4 Nf6 2. e5 Nd5 3. d4 d6 4. c4 Nb6 5. exd6 exd6 6. h3 Bf5 7. Nf3 Be7 8. Be2
O-O 9. O-O Re8 10. Nc3 N8d7 11. Be3 Nf8 12. d5 h6 13. Nd4 Bh7 14. Qd2 Bg5 15.
f4 Bf6 16. Bf2 Nbd7 17. b4 Ng6 18. Rac1 a5 19. a3 Ne7 20. Bg4 Bxd4 21. Bxd4 Nf5
22. Bf2 axb4 23. axb4 b6 24. Bf3 Nf6 25. g4 Ne7 26. Bh4 Ng6 27. Bg3 Qd7 28. Kh2
Qd8 29. Qd4 Nd7 30. Rf2 Qf6 31. Qxf6 Nxf6 32. Nb5 Re7 33. c5 bxc5 34. bxc5 Ne8
35. cxd6 Nxd6 36. Nxc7 Rc8 37. Rfc2 Re3 38. Bg2 Nh4 39. f5 Bxf5 40. gxf5 Nhxf5
41. Bf4 Re7 42. Rc6 Ne4 43. Nb5 Rd8 44. Rc8 Rxc8 45. Rxc8+ Kh7 46. d6 1-0

[Event "España tch Primera División - A 2013"]
[Site "Linares ESP"]
[Date "2013.08.20"]
[Round "2.11"]
[White "Miton, Kamil"]
[Black "Narciso Dublan, Marc"]
[Result "1-0"]
[WhiteElo "2609"]
[BlackElo "2505"]
[PlyCount "171"]
[EventDate "2013.08.19"]
[EventType "team-tourn"]
[EventRounds "5"]
[EventCountry "ESP"]
[Source "lmi"]
[SourceDate "2013.08.19"]

1. Nf3 Nf6 2. d4 e6 3. c4 b6 4. g3 Bb7 5. Bg2 Be7 6. O-O O-O 7. d5 Na6 8. Nd4
exd5 9. Nc3 c6 10. cxd5 Nxd5 11. Nxd5 cxd5 12. Nf5 Nc7 13. Bf4 Ne6 14. Be5 d6
15. Bc3 Bf6 16. Qd2 Bxc3 17. Qxc3 d4 18. Nxd4 Bxg2 19. Kxg2 Rc8 20. Nxe6 fxe6
21. Qe3 Qd7 22. Rac1 Rxc1 23. Rxc1 Rc8 24. Rxc8+ Qxc8 25. Qe4 d5 26. Qa4 a6 27.
Qf4 h6 28. Qd6 b5 29. Qe7 Kh7 30. b4 d4 31. Qc5 Qb7+ 32. f3 Qd7 33. Qc2+ Kg8
34. Qe4 Kf7 35. a3 Qd6 36. f4 Qb6 37. Kf3 a5 38. f5 axb4 39. axb4 exf5 40.
Qxf5+ Ke7 41. Qe5+ Kf8 42. Qf5+ Ke7 43. Qd5 Qf6+ 44. Ke4 Qf1 45. Qe5+ Kd8 46.
Qxd4+ Kc8 47. Qc5+ Kd8 48. Qd5+ Kc7 49. Qe5+ Kd8 50. Qxb5 Qg2+ 51. Kf5 Qxh2 52.
Qd3+ Kc7 53. Kg6 Qh3 54. Kxg7 Qe6 55. Qf3 Qe5+ 56. Kxh6 Qh8+ 57. Kg5 Qg7+ 58.
Kh4 Qh7+ 59. Kg5 Qe7+ 60. Kf5 Qf7+ 61. Ke5 Qe7+ 62. Kd5 Qd6+ 63. Kc4 Qe6+ 64.
Kc3 Kb6 65. Qd3 Qa2 66. Kd4 Qa1+ 67. Ke3 Qg1+ 68. Kf3 Qf1+ 69. Kg4 Qf7 70. Qd4+
Ka6 71. e4 Qg6+ 72. Kf3 Qh5+ 73. g4 Qh1+ 74. Kf4 Qc1+ 75. Kf5 Qc8+ 76. Kg5 Qg8+
77. Kh4 Qh7+ 78. Kg3 Qg6 79. e5 Kb5 80. Qd7+ Kc4 81. Qf5 Qe8 82. Qe4+ Kb3 83.
e6 Qb8+ 84. Kg2 Qe8 85. e7 Kc3 86. b5 1-0

[Event "España tch Primera División - A 2013"]
[Site "Linares ESP"]
[Date "2013.08.20"]
[Round "2.12"]
[White "Alonso Moyano, Jonathan"]
[Black "Dziuba, Marcin"]
[Result "0-1"]
[WhiteElo "2420"]
[BlackElo "2589"]
[PlyCount "72"]
[EventDate "2013.08.19"]
[EventType "team-tourn"]
[EventRounds "5"]
[EventCountry "ESP"]
[Source "lmi"]
[SourceDate "2013.08.19"]

1. e4 c5 2. Nc3 d6 3. Nge2 Nf6 4. g3 g6 5. Bg2 Bg7 6. O-O O-O 7. f4 Nc6 8. h3
Rb8 9. a4 a6 10. g4 Nd7 11. Ng3 b5 12. axb5 axb5 13. g5 b4 14. Nce2 c4 15. d4
cxd3 16. cxd3 Qb6+ 17. Kh1 b3 18. e5 dxe5 19. f5 Nb4 20. Nc3 Bb7 21. Nce4 Nc2
22. Rb1 Nc5 23. Nxc5 Bxg2+ 24. Kxg2 Qxc5 25. f6 exf6 26. gxf6 Bh8 27. Ne4 Qb5
28. Qd2 Nd4 29. Ra1 Rfc8 30. Ra5 Qd7 31. Qg5 Rc2+ 32. Bd2 Nc6 33. Rxe5 Nxe5 34.
Qxe5 Re8 35. Qg3 Rxe4 36. dxe4 Qxd2+ 0-1

[Event "España tch Primera División - A 2013"]
[Site "Linares ESP"]
[Date "2013.08.20"]
[Round "2.13"]
[White "Gonzalez Diaz, Diego"]
[Black "Willemze, Thomas"]
[Result "0-1"]
[WhiteElo "2309"]
[BlackElo "2415"]
[PlyCount "65"]
[EventDate "2013.08.19"]
[EventType "team-tourn"]
[EventRounds "5"]
[EventCountry "ESP"]
[Source "lmi"]
[SourceDate "2013.08.19"]

1. d4 Nf6 2. c4 e6 3. Nc3 Bb4 4. Qc2 O-O 5. a3 Bxc3+ 6. Qxc3 b5 7. cxb5 c6 8.
b6 axb6 9. Bg5 Bb7 10. Qf3 Ra5 11. Bxf6 Qxf6 12. Qxf6 gxf6 13. b4 Ra7 14. Kd2
Na6 15. Kc3 d6 16. e3 c5 17. Nf3 Nxb4 18. Bb5 Rfa8 19. Kb2 Ra5 20. Be2 Nc6 21.
dxc5 bxc5 22. Nd2 Ba6 23. Bxa6 R5xa6 24. Ne4 Ne5 25. Rhd1 f5 26. Nd2 Nd3+ 27.
Kc2 Nxf2 28. Rf1 Ng4 29. Nc4 Ra4 30. Nb6 Nxe3+ 31. Kb3 c4+ 32. Kc3 Rxa3+ 33.
Kd4 0-1

[Event "España tch Primera División - A 2013"]
[Site "Linares ESP"]
[Date "2013.08.20"]
[Round "2.14"]
[White "Geske, Julian"]
[Black "Gonzalez Diaz, Julio"]
[Result "1-0"]
[WhiteElo "2395"]
[BlackElo "2284"]
[PlyCount "83"]
[EventDate "2013.08.19"]
[EventType "team-tourn"]
[EventRounds "5"]
[EventCountry "ESP"]
[Source "lmi"]
[SourceDate "2013.08.19"]

1. e4 d6 2. d4 Nf6 3. Nc3 g6 4. f4 Bg7 5. Nf3 c5 6. Bb5+ Bd7 7. e5 Ng4 8. Bxd7+
Qxd7 9. d5 dxe5 10. h3 e4 11. Nxe4 Nf6 12. Nxf6+ Bxf6 13. O-O O-O 14. Be3 Qd6
15. c4 Nd7 16. Qc2 a6 17. Rad1 Rac8 18. Nd2 Qb6 19. b3 Bg7 20. f5 Qa5 21. Ne4
Nf6 22. fxg6 fxg6 23. Ng5 Bh6 24. Bd2 Qb6 25. Rde1 Nh5 26. Ne6 Rxf1+ 27. Rxf1
Bg7 28. g4 Bd4+ 29. Kg2 Ng7 30. Nxd4 cxd4 31. Qe4 Re8 32. Qf4 Qd8 33. Qf7+ Kh8
34. Bh6 Rg8 35. Re1 Nf5 36. gxf5 gxf5+ 37. Kh1 Qd6 38. Qe6 Qg3 39. Qe5+ Qxe5
40. Rxe5 Rg3 41. Kh2 Rg6 42. Bf4 1-0

[Event "España tch Primera División - A 2013"]
[Site "Linares ESP"]
[Date "2013.08.20"]
[Round "2.21"]
[White "Korneev, Oleg"]
[Black "Moreno Trujillo, Alejandro"]
[Result "0-1"]
[WhiteElo "2625"]
[BlackElo "2533"]
[PlyCount "132"]
[EventDate "2013.08.19"]
[EventType "team-tourn"]
[EventRounds "5"]
[EventCountry "ESP"]
[Source "lmi"]
[SourceDate "2013.08.19"]

1. e4 e6 2. d4 d5 3. Nc3 Bb4 4. e5 c5 5. a3 Bxc3+ 6. bxc3 Ne7 7. Nf3 b6 8. Bb5+
Bd7 9. Bd3 c4 10. Be2 Ba4 11. h4 h6 12. h5 Na6 13. Nh4 Kd7 14. f4 Qg8 15. g4 g6
16. Be3 gxh5 17. gxh5 Qh7 18. Kd2 Rhg8 19. f5 exf5 20. Rf1 Kc7 21. Rf4 Rg5 22.
Qh1 Rd8 23. Qf3 Rdg8 24. Bf1 Rg3 25. Qf2 Bd7 26. Ng6 R3xg6 27. hxg6 fxg6 28.
Rh4 g5 29. e6 gxh4 30. Bf4+ Kc6 31. exd7 Kxd7 32. Re1 Rg6 33. Bh3 Qf7 34. Qxh4
Re6 35. Be5 Nc7 36. Qf4 Nb5 37. Qf3 Nd6 38. Bxd6 Rxe1 39. Kxe1 Kxd6 40. Qf4+
Kd7 41. Kd2 Qf6 42. Qf3 Qg5+ 43. Kd1 Kd6 44. Qe2 Qg1+ 45. Kd2 Qg3 46. Bg2 h5
47. Kc1 h4 48. Kb2 h3 49. Bh1 h2 50. Qh5 Kd7 51. Qf7 Qg1 52. Bxd5 h1=Q 53. Qe6+
Ke8 54. Qf7+ Kd8 55. Bxh1 Qxh1 56. Qxc4 Qd5 57. Qa6 Nc8 58. Kc1 Kc7 59. Kd2 Kb8
60. Qf1 Nd6 61. a4 Kb7 62. Qf4 Qg2+ 63. Kc1 Nc4 64. Kb1 Qe4 65. Qh2 Qe1+ 66.
Ka2 Qxc3 0-1

[Event "España tch Primera División - A 2013"]
[Site "Linares ESP"]
[Date "2013.08.20"]
[Round "2.22"]
[White "Taboas Rodriguez, Daniel"]
[Black "Zhigalko, Andrey"]
[Result "0-1"]
[WhiteElo "2412"]
[BlackElo "2603"]
[PlyCount "96"]
[EventDate "2013.08.19"]
[EventType "team-tourn"]
[EventRounds "5"]
[EventCountry "ESP"]
[Source "lmi"]
[SourceDate "2013.08.19"]

1. d4 Nf6 2. Nf3 e6 3. c4 d5 4. Bg5 h6 5. Bxf6 Qxf6 6. Nc3 c6 7. e3 g6 8. Bd3
Bg7 9. O-O O-O 10. Qe2 Nd7 11. e4 dxc4 12. Bxc4 e5 13. d5 Nb6 14. Bb3 Bg4 15.
h3 Bxf3 16. Qxf3 Qxf3 17. gxf3 Rfd8 18. Rac1 Rac8 19. dxc6 bxc6 20. Na4 Bf8 21.
Rfd1 Rxd1+ 22. Rxd1 Rc7 23. Rd8 Kg7 24. Nxb6 axb6 25. a4 Bc5 26. Rd2 h5 27. Bc4
Kf6 28. b3 Bd4 29. f4 Bc5 30. fxe5+ Kxe5 31. Re2 Rd7 32. Kg2 f6 33. Kf3 g5 34.
Re1 Rd2 35. Re2 Rd1 36. Bf7 Rd3+ 37. Kg2 h4 38. Be8 Kd6 39. Bf7 Bd4 40. Bc4 Rc3
41. Rd2 Ke5 42. Re2 g4 43. hxg4 Kf4 44. Be6 h3+ 45. Kh2 Kg5 46. f4+ Kxf4 47. g5
Kxg5 48. Bxh3 Be5+ 0-1

[Event "España tch Primera División - A 2013"]
[Site "Linares ESP"]
[Date "2013.08.20"]
[Round "2.23"]
[White "Mirzoev, Azer"]
[Black "Blasco De La Cruz, Luis"]
[Result "1-0"]
[WhiteElo "2539"]
[BlackElo "2023"]
[PlyCount "75"]
[EventDate "2013.08.19"]
[EventType "team-tourn"]
[EventRounds "5"]
[EventCountry "ESP"]
[Source "lmi"]
[SourceDate "2013.08.19"]

1. d4 Nf6 2. c4 e5 3. dxe5 Ng4 4. Bf4 Bb4+ 5. Nd2 Nc6 6. Ngf3 Qe7 7. e3 Ngxe5
8. Nxe5 Nxe5 9. Be2 O-O 10. O-O Bxd2 11. Qxd2 d6 12. Qc3 Ng6 13. Bg3 Bf5 14. b4
b6 15. c5 dxc5 16. bxc5 Rad8 17. Rfd1 Rxd1+ 18. Rxd1 Rd8 19. Rxd8+ Qxd8 20. h3
h6 21. Bf3 Be6 22. a3 Qd7 23. Qd4 Qxd4 24. exd4 bxc5 25. dxc5 Ne7 26. Bxc7 Nd5
27. Bb8 a6 28. Bd6 Nc3 29. c6 Nb5 30. Bc5 Nc7 31. Kf1 f5 32. Ke2 Kf7 33. Ke3 g6
34. Kd4 Kf6 35. Bb4 g5 36. Kc5 g4 37. Be2 gxh3 38. gxh3 1-0

[Event "España tch Primera División - A 2013"]
[Site "Linares ESP"]
[Date "2013.08.20"]
[Round "2.31"]
[White "Sadusea, Johnny"]
[Black "Barrero Garcia, Carlos"]
[Result "1-0"]
[WhiteElo "2110"]
[BlackElo "2371"]
[PlyCount "131"]
[EventDate "2013.08.19"]
[EventType "team-tourn"]
[EventRounds "5"]
[EventCountry "ESP"]
[Source "lmi"]
[SourceDate "2013.08.19"]

1. e4 e6 2. d4 d5 3. Nc3 Nf6 4. Bg5 dxe4 5. Nxe4 Be7 6. Nxf6+ Bxf6 7. Bxf6 Qxf6
8. Nf3 O-O 9. Bd3 c5 10. O-O cxd4 11. Nxd4 Rd8 12. Nb5 Nc6 13. Qc1 b6 14. Be4
Bb7 15. c3 Qe5 16. Bxc6 Bxc6 17. Nd4 Bb7 18. f4 Qe4 19. Rf2 Rac8 20. Qf1 Qd5
21. Qe2 Re8 22. Qg4 Qe4 23. Re2 Qg6 24. Qxg6 hxg6 25. Rae1 Rc5 26. Re5 Bd5 27.
a3 Rd8 28. g3 Ba8 29. Kf2 Rdd5 30. h4 Kf8 31. Rxd5 Bxd5 32. Re3 a5 33. a4 Ke7
34. Ke1 Kd6 35. Kd2 f6 36. Nb5+ Kd7 37. Nd4 Ba2 38. Kc2 Bd5 39. b3 e5 40. Ne2
Be6 41. fxe5 fxe5 42. c4 Bf5+ 43. Kd2 Ke6 44. Nf4+ Kd6 45. Nd3 Bxd3 46. Kxd3
Ke6 47. Ke4 Rc6 48. Rd3 Rd6 49. Rd5 Ke7 50. Kxe5 Rf6 51. Ke4 Rc6 52. c5 bxc5
53. Kd3 Rf6 54. Rxc5 Rf3+ 55. Kc2 Rxg3 56. Rxa5 Rg4 57. Rg5 Rxh4 58. Rxg6 Kf7
59. Rg2 Kf6 60. a5 g5 61. Kc3 g4 62. b4 Ke5 63. Kc4 Kd6 64. Kb5 Kc7 65. Rc2+
Kb8 66. Rc5 1-0

[Event "España tch Primera División - A 2013"]
[Site "Linares ESP"]
[Date "2013.08.20"]
[Round "2.32"]
[White "Reales Murto, Manuel Jose"]
[Black "Dura Olmos, Gines Raul"]
[Result "1-0"]
[WhiteElo "2292"]
[BlackElo "2042"]
[PlyCount "55"]
[EventDate "2013.08.19"]
[EventType "team-tourn"]
[EventRounds "5"]
[EventCountry "ESP"]
[Source "lmi"]
[SourceDate "2013.08.19"]

1. Nf3 g6 2. e4 Bg7 3. d4 d6 4. Bc4 Nf6 5. Qe2 O-O 6. Nc3 Nc6 7. e5 dxe5 8.
dxe5 Ng4 9. e6 f5 10. Bf4 Nd4 11. Nxd4 Qxd4 12. Bxc7 Nxf2 13. Rf1 Ne4 14. Nxe4
fxe4 15. Rxf8+ Bxf8 16. Qf1 Qe3+ 17. Kd1 Qd4+ 18. Ke1 Qe3+ 19. Kd1 Qd4+ 20. Kc1
Bh6+ 21. Kb1 Kh8 22. c3 Qf6 23. Kc2 a5 24. Qxf6+ exf6 25. e7 Bf5 26. Bb5 e3+
27. Kd1 Bf4 28. Bxf4 1-0